MDQL
is popping MORE tags! Check the
thread
!
Quizzes
Events
Quiz Creation
Community
Videos
Private Events
Remove Ads
Sign In
Join for FREE
Feedback
Dark Mode
Quiz Categories
Sports
Geography
Music
Movies
Television
Just For Fun
Miscellaneous
History
Literature
Language
Science
Gaming
Entertainment
Religion
Holiday
For Kids
Quiz Lab
Recent
Popular Today
Quiz Kudos Today
Editor Picks
Curator Picks
Quizzes by...
Day
Popularity
Type
Ratings
Length
Year
Community
Subscriptions
Recent Discussions
Orange Saloon
Badges
Playlists
Quests
Create
Leaderboards
Showdown
Live 5
Trivia Bingo
Activity
Puzzle Library
Sporcle Events
Private Events
Virtual Trivia
Globe League
Become a Host
Pub Owners
SporcleCon
Opinionation
Our Games
Videos
Blog
Mobile Apps
Partnerships
Remove Ads and Go Orange
Feedback
Entertainment
Celebrity
Famous
Musical
Broadway
Show
Quote
Comic Books
Anime
Superhero
DC Comics
Marvel
Cartoons
Animation
Entertainment
Celebrity
Famous
Musical
Broadway
Show
Quote
Comic Books
Anime
Superhero
DC Comics
Marvel
Cartoons
Animation
Random Quiz
Search Sporcle
×
Quiz Lab
Quiz Lab
Entertainment
Batman
Type in answers that appear in a list
Type in answers that appear in a list
Classic
Best Score? Go Orange.
Intense Batman Knowledge 2 Stats
Can you name the Batman Villains?
By
Spike_Junkie00
8m
68 Questions
219 Plays
219 Plays
219 Plays
Comments
Comments
Give Quiz Kudos
Give Quiz Kudos
-
- Ratings
hide this ad
Forced Order
Answers have to be entered in order
Answers have to be entered in order
Replay
Link that replays current quiz
Next Quiz
Link to next quiz in quiz playlist
You Got
0%
They Got
Avg Score
56%
Avg Friend Score
Upgrade to see
Score Distribution
Jump to the score distribution portion of the page
Score
0/68
Timer
08:00
0
Plays Today
Hint
Answer
% Correct
Batman's clown face archenemy?
Joker
99.5%
Sidekick of clown face archenemy?
Harley Quinn
98.2%
Batman's feline friend?
Catwoman
93.2%
Feline friend's real name?
Selina Kyle
90%
Clown face archenemy sidekicks real name?
Harleen Quinzel
84.9%
Batman's puzzle addicted enemy?
Riddler
84.5%
Batman's two-
sided enemy?
Two-Face
84%
Batman's plant loving enemy?
Poison Ivy
83.6%
Batman's 'cool' enemy?
Mr. Freeze
82.6%
Batman's bird crazed enemy?
Penguin
82.2%
Batman's master of fear enemy?
Scarecrow
82.2%
Two-
sided enemy's real name?
Harvey Dent
81.7%
Puzzle addict's real name?
Edward Nigma
79%
Bird crazed enemy real name?
Oswald Cobblepot
77.6%
The original occupation of the clown face archenemy sidekick?
Arkham Psychiatrist
76.7%
Two-
sided enemy's original occupation?
Gotham's District Attorney
76.3%
'Cool' enemy's real name?
Victor Fries
74.9%
Batman's shape shifting enemy?
Clayface
74.4%
Batman's bandaged head enemy and childhood friend?
Hush
73.5%
Batman's pyromaniac enemy?
Firefly
73.1%
Master of fear's real name?
Jonathan Crane
72.6%
Batman's immortal enemy?
Ra's al Ghul
72.6%
Plant lovers real name?
Pamela Isley
72.1%
What is the name of the 'dummy' the voice thrower uses?
Scarface
72.1%
Batman's voice throwing enemy?
Ventriloquist
70.3%
Batman's reptillian enemy?
Killer Croc
70.3%
Immortal's daughter?
Talia al Ghul
69.6%
Batman's skull-
faced enemy?
Black Mask
68%
Batman's Vemon addicted enemy?
Bane
68%
Batman's wonderland fanatic?
Mad Hatter
66.7%
The immortal enemy stays alive because of these?
Lazarus Pits
65.8%
Batman's month/
day/
year addict enemy?
Calendar Man
63.9%
Bandaged head's Real name?
Thomas Elliot
63%
The reptile's real name?
Waylon Jones
59.4%
Hint
Answer
% Correct
First shape shifter?
Basil Karlo
58.9%
The immortal enemy is the leader of this society?
League of Assassins
58.9%
Batman's lepidopteran enemy?
Killer Moth
58%
Wonderland fanatic's real name?
Jervis Tetch
58%
Translation of the immortal enemy's name?
The Demon's Head
57.1%
Batman's tallying enemy?
Victor Zsasz
55.7%
Bandaged head's original occupation?
Master Surgeon
54.7%
Master of fear's original occupation?
Professor of Psychology
53.3%
Batman's angel of revenge enemy?
Azrael
52.5%
First skull-
face's real name?
Roman Sionis
52.1%
Pyromaniac's real name?
Garfield Lynns
51.6%
The voice thrower originally was?
Arnold Wesker
51.1%
Month/
day/
year addicts real name?
Julian Day
49.8%
Batman's scientific tranformation enemy?
Man-Bat
47.5%
First Angel of Revenge's real name?
Jean-Paul Valley
42%
Transformers real name?
Kirk Langstrom
40.2%
Feline friend's replacement?
Holly Robinson
35.2%
Second shape shifter?
Matt Hagen
34.2%
Second skull-
face's real name?
Jeremiah Arkham
31.5%
Second mantle of the first Angel of Revenge?
Batman
31.5%
Sidekick of feline friend?
Catgirl
30.6%
Second Angel of Revenge's real name?
Michael Lane
28.3%
Then the voice thrower was?
Peyton Riley
26%
Third shape shifter?
Preston Payne
25.1%
Second skull-
face's original occupation?
Head of Arkham Asylum
24.8%
Lepidopteran enemy's real name?
Drury Walker/Cameron van Cleer
20.1%
Fourth shape shifter?
Sondra Fuller
16.9%
Fifth shape shifter?
Cassius 'Clay' Payne
15.1%
Sidekick of feline friend's real name?
Katrina Falcone
14.6%
Second Angel of Revenge's sidekick?
Crusader
14%
Current shape shifter?
Johnny Williams
12.3%
Immortal's daughter leads this secret society
Leviathan
11.9%
Sixth shape shifter?
Dr. Peter 'Claything' Malley
8.5%
Seventh shape shifter?
Todd Russell
6.8%
Quiz Playlist
Details
Report
Send in Message
Add To Playlist
Classic:
Type in answers that appear in a list
Forced Order:
Answers have to be entered in order
Quiz Source
Last Updated: Feb 16, 2017
Quiz Scoreboard
CHALLENGE
Sign Up to Join the Scoreboard
Show All
Scores
Hide
Comments
May contain spoilers
Recently Published
Street Fighter Characters
by Artimus82
Gaming
60s
9x9 Crossword: Cartoon Network
by jackfrog10
Miscellaneous
3m
College Basketball Coaching Resumes
by pancakes188
Sports
9m
More to Explore
Quiz From the Vault
Featured Blog Post
Where Did the Easter Bunny Come From?
hide this ad
You Might Also Like...
Tags
Batman
intense
Today's Top Quizzes in Entertainment
Browse Entertainment
hide this ad
Today's Top Quizzes in Batman
Browse Batman
Top Contributed Quizzes in Entertainment
1
7-to-1: DC Comics Villains
2
Marvel Characters Bunker
3
Eurovision 2023 Logic Puzzle
4
Dragon Ball Z: Goku's Fights in Order
5
Sorting Pictures: Villains
6
Criteria Quickie: Cartoon Taxonomy II
7
7-to-1: One Piece
8
Mini Trivia Sudoku: Musicals
9
Fictional Villains Letter U Blitz
10
Kamen Rider Motifs
Explore More
Trending Topics
Crossword
NBA
Disney
Marvel
Kpop
Harry Potter
Anime
WWE
Soccer
Pokémon
NFL
Song
Country
Puzzle
The Office
hide this ad
More By:
Spike_Junkie00
Quiz
Plays
Rating
Category
Featured
Created
DC's New 52 Comics
1,540
5.00
Entertainment
Mar 14, 2012
Intense Batman Knowledge 1
834
4.80
Entertainment
May 5, 2011
TMNT Characters
818
4.00
Entertainment
May 7, 2012
Wolverine and the X-Men
568
4.43
Entertainment
Apr 29, 2012
Greek VS. Norse
553
3.14
Religion
May 5, 2011
Go to Creator's Profile
Score Distribution
Quiz Creator Spotlight
Spike_Junkie00
Follow
Send a Message
Quizzes Created
-
Created Quiz Play Count
-
More By This Creator
Popular Quizzes Today
1
Find the US States - No Outlines Minefield
2
Find the Countries of Europe - No Outlines Minefield
3
The Countries of the World
4
Find the US States
5
Risky Map Clicking: Biggest States A-Z
6
US States
7
Popular People in 1961
8
Movies - When Are They Set?
More Entertainment Quizzes
Singers Acting Up
Editor's Pick
Trending Quizzes
Risky Map Clicking: Least Populous States A-Z
Countries of the World: 200 Million BC
1-10 Letter G Words
Risky Map Clicking: Next State Alphabetically
Adjectives in 80s TV Shows
Recently Updated
Leaping Animals
pecheneg
Reality TV Shows (A-Z)
bhenderson79
Rickey Henderson's Hall of Fame Teammates
pecheneg
Champions League XIs: Arsenal
pecheneg
Quick Pick: Celebrities in WWE's Hall of Fame
aduchscher
A-Z Keypad Blitz II
pecheneg
Multiple Oscar Actors
pecheneg
Mystery Phrase Blitz: Oscar 'Best Actors'
pecheneg
F. Scott Fitzgerald Novels
LTH
Pick 3 Villains
ddd62291
Trending Topics
Disney
Marvel
Anime
Crossword
NBA
Kpop
Harry Potter
The Office
NFL
WWE
Song
Puzzle
Country
Soccer
Pokémon
Your Account Isn't Verified!
In order to create a playlist on Sporcle, you need to verify the email address you used during registration. Go to your
Sporcle Settings
to finish the process.
Report this User
Report this user for behavior that violates our
Community Guidelines
.
Details:
Send Report
Go to the Sporcle.com Mobile Site →
Comments